Southville International School and Colleges
Your cart is empty.
  • Cart
  • Lists
    Public lists Eva Luna New books Lux_list list_1
    Your lists Log in to create your own lists
  • Log in to your account
  • Your cookies
  • Search history
Southville International School and Colleges
  • Advanced search
  • Recent comments
  • Most popular
  • Libraries

Log in to your account

Log in with GOOGLE


If you do not have an external account, but do have a local account, you can still log in:

  1. Home
  2. MARC view: Disease, life, and man,
Normal view MARC view ISBD view

Disease, life, and man, (Record no. 300488)

[ view plain ]
MARC details
000 -LEADER
fixed length control field 00871cam a22002771 4500
001 - CONTROL NUMBER
control field 1221579
003 - CONTROL NUMBER IDENTIFIER
control field SISC
005 - DATE AND TIME OF LATEST TRANSACTION
control field 20160812112939.0
008 - FIXED-LENGTH DATA ELEMENTS--GENERAL INFORMATION
fixed length control field 730116s1958 cau b 000 0 eng
010 ## - LIBRARY OF CONGRESS CONTROL NUMBER
LC control number 58013534
040 ## - CATALOGING SOURCE
Original cataloging agency DLC
Transcribing agency DLC
Modifying agency DLC
041 1# - LANGUAGE CODE
Language code of text/sound track or separate title eng
Language code of original and/or intermediate translations of text ger
050 00 - LIBRARY OF CONGRESS CALL NUMBER
Classification number R 117
Item number .V5 1962
082 00 - DEWEY DECIMAL CLASSIFICATION NUMBER
Classification number 610.4
100 1# - MAIN ENTRY--PERSONAL NAME
Personal name Virchow, Rudolf,
Dates associated with a name 1821-1902.
245 10 - TITLE STATEMENT
Title Disease, life, and man,
Remainder of title selected essays /
Statement of responsibility, etc translated and with an introduction by Lelland J. Rather.
260 ## - PUBLICATION, DISTRIBUTION, ETC. (IMPRINT)
Place of publication, distribution, etc Stanford, Calif.,
Name of publisher, distributor, etc Stanford University Press,
Date of publication, distribution, etc 1958.
300 ## - PHYSICAL DESCRIPTION
Extent 288 pages ;
Dimensions 23 cm.
440 #0 - SERIES STATEMENT/ADDED ENTRY--TITLE
Title Stanford studies in the medical sciences,
Volume number/sequential designation 9
500 ## - GENERAL NOTE
General note Includes bibliographical references and index.
650 #0 - SUBJECT ADDED ENTRY--TOPICAL TERM
Topical term or geographic name as entry element Medicine.
650 #0 - SUBJECT ADDED ENTRY--TOPICAL TERM
Topical term or geographic name as entry element Pathology.
650 #0 - SUBJECT ADDED ENTRY--TOPICAL TERM
Topical term or geographic name as entry element Life (Biology)
906 ## - LOCAL DATA ELEMENT F, LDF (RLIN)
a 7
b cbc
c orignew
d u
e ocip
f 19
g y-gencatlg
942 ## - ADDED ENTRY ELEMENTS (KOHA)
Source of classification or shelving scheme Library of Congress Classification
Koha item type Books
Holdings
Withdrawn status Lost status Source of classification or shelving scheme Damaged status Home library Current library Shelving location Date acquired Source of acquisition Total Checkouts Full call number Barcode Date last seen Price effective from Koha item type
    Library of Congress Classification   Archives Archives   08/12/2016 Donation   R 117 .V5 1962 C20659 05/15/2018 08/12/2016 Books

Disease, life, and man,

APA

Virchow R., . (1958). Disease, life, and man. Stanford, Calif: Stanford University Press.

Chicago

Virchow Rudolf, . 1958. Disease, life, and man. Stanford, Calif: Stanford University Press.

Harvard

Virchow R., . (1958). Disease, life, and man. Stanford, Calif: Stanford University Press.

MLA

Virchow Rudolf, . Disease, life, and man. Stanford, Calif: Stanford University Press. 1958.

  • Place hold
  • Print
  • Cite
  • Add to your cart (remove)
  • Save record
    BIBTEX Dublin Core MARCXML MARC (non-Unicode/MARC-8) MARC (Unicode/UTF-8) MARC (Unicode/UTF-8, Standard) MODS (XML) RIS
  • More searches
    Search for this title in:
    Other Libraries (WorldCat) Other Databases (Google Scholar) Online Stores (Bookfinder.com) Open Library (openlibrary.org)

Exporting to Dublin Core...

SOUTHVILLE LIBRARY

Southville International School and Colleges Library

1281 Tropical Ave. Cor. Luxembourg St., BF Homes International, Las Pinas City

Tel. No. 8256374 / 252358 Loc. 117/146

Powered by Koha